Die Gründung und die Geschäftsführung der verschiedenen Gesellschaften

Gespeichert in:
Bibliographische Detailangaben
Format: Buch
Sprache:Deutsch
Veröffentlicht: Berlin W. Rothschild 1906
Ausgabe:2. Auflage
Tags: Tag hinzufügen
Keine Tags, Fügen Sie das erste Tag hinzu!

MARC

LEADER 00000nam a2200000 4500
001 0306989
005 20250213085031.1
041 0 |a ger 
044 |a DE 
245 1 0 |a Die Gründung und die Geschäftsführung der verschiedenen Gesellschaften  |c Ernst Berner 
250 |a 2. Auflage 
264 1 |a Berlin  |b W. Rothschild  |c 1906